000 00734nam a2200253 i 4500
001 72927
003 ES-MaACL
005 20230906171617.0
007 t|
008 040903s1975 sp ||||1| spa d
020 _a84-209-0824-X
080 _a32:929 Gorkin, Julián
100 1 _aGorkin, Julián.
_959188
245 1 3 _aEl revolucionario profesional
_b: testimonio de un hombre de acción /
_cJulián Gómez.
250 _a1ª ed.
260 _a[Barcelona] :
_bAymá,
_c1975.
300 _a326 p., 4 lám. ;
_c20 cm.
490 1 _aPresencia del tiempo
600 1 4 _aGorkin, Julián.
_959188
830 1 _aPresencia del tiempo
_9183374
852 _aES-MaACL
_jE-7882
852 _aES-MaACL
_jC-11793
999 _c72927
_d72927